Arrowverse characters- Men - Statistics

General Stats
  • This quiz has been taken 85 times
  • The average score is 18 of 24
Answer Stats
Picture Answer % Correct
Barry Allen
100%
Joe West
100%
Oliver Queen
100%
John Diggle
97%
Ray palmer
97%
Cisco Ramon
91%
Wally West
89%
Leonard Snart
88%
Damien Darhk
83%
Mick Rory
83%
Rip Hunter
82%
Clark Kent
80%
Malcolm Merlyn
80%
Tommy Merlyn
77%
Eobard Thawne
74%
Mon el
73%
Harry wells
70%
James Olsen
70%
Nate Heywood
68%
Winn Schott
64%
John Constantine
56%
Jonn Jonzz
52%
Lex Luthor
33%
Mxy
9%
No matching quizzes found
Score Distribution
Percent of People with Each Score
Percentile by Number Answered
Your Score History
You have not taken this quiz